000 00640nam a2200241 i 4500
001 C2-0122933
003 PPAK
005 20180727114027.0
008 970826s1995 my a|||| ||||| | eng d
020 _a9838801992
040 _aPPAK
_beng
_cPPAK
_erda
082 0 4 _a823
_223
090 0 0 _a823
_bGUA
_dK
245 0 4 _aThe guardian of the river
264 1 _aPetaling Jaya, Selangor :
_bEddiplex ,
_c1995
300 _a24 pages :
_bcolour illustrations ;
_c25 cm
336 _2rdacontent
_atext
337 _2rdamedia
_aunmediated
338 _2rdacarrier
_avolume
490 1 _awarga rimba
830 0 _awarga rimba
942 _ddc
_cB
999 _c35549
_d35549